| 000 -LEADER |
| fixed length control field |
00898cam a2200229Ki 4500 |
| 020 ## - INTERNATIONAL STANDARD BOOK NUMBER |
| ISBN |
9789086867554 (electronic bk.) |
| 020 ## - INTERNATIONAL STANDARD BOOK NUMBER |
| ISBN |
9086867553 (electronic bk.) |
| 040 ## - CATALOGING SOURCE |
| Transcribing agency |
GW5XE |
| 082 04 - DEWEY DECIMAL CLASSIFICATION NUMBER |
| Classification number |
636 INT 1984 C153 Or. |
| 245 10 - TITLE STATEMENT |
| Title |
Forages and grazing in horse nutrition / |
| 300 ## - PHYSICAL DESCRIPTION |
| Number of Pages |
1 online resource (511 pages) : |
| Other physical details |
illustrations. |
| 490 1# - SERIES STATEMENT |
| Series statement |
EAAP publication ; |
| 500 ## - GENERAL NOTE |
| General note |
Papers presented in the scientific sessions of the 6th European Workshop on Equine Nutrition, held in Lisbon, from 20 to 22 June, 2012 |
| 650 #0 - SUBJECT ADDED ENTRY--TOPICAL TERM |
| Topical Term |
Horses |
| 650 #0 - SUBJECT ADDED ENTRY--TOPICAL TERM |
| Topical Term |
Horses |
| 700 1# - ADDED ENTRY--PERSONAL NAME |
| Personal name |
Saastamoinen, M. T. |
| 710 2# - ADDED ENTRY--CORPORATE NAME |
| Corporate name or jurisdiction name as entry element |
Ohio Library and Information Network. |
| 856 40 - ELECTRONIC LOCATION AND ACCESS |
| Uniform Resource Identifier |
http://rave.ohiolink.edu/ebooks/ebc/9789086867554 |
| 856 40 - ELECTRONIC LOCATION AND ACCESS |
| Uniform Resource Identifier |
http://dx.doi.org/10.3920/978-90-8686-755-4 |
| 856 40 - ELECTRONIC LOCATION AND ACCESS |
| Uniform Resource Identifier |
http://proxy.ohiolink.edu:9099/login?url=http://dx.doi.org/10.3920/978-90-8686-755-4 |
| 942 ## - ADDED ENTRY ELEMENTS (KOHA) |
| Koha item type |
ADB |
| 952 ## - LOCATION AND ITEM INFORMATION (KOHA) |
| Withdrawn status [LOCAL, KOHA] |
0 |
| 952 ## - LOCATION AND ITEM INFORMATION (KOHA) |
| Withdrawn status [LOCAL, KOHA] |
0 |